Urdu Kay Shakar Afsanay (Record no. 614153)

000 -LEADER
fixed length control field 00569nam a22001697a 4500
082 ## - DEWEY DECIMAL CLASSIFICATION NUMBER
Classification number 891.439309
Author Mark SHA
100 ## - MAIN ENTRY--PERSONAL NAME
Personal name Shareef,Khalid
245 ## - TITLE STATEMENT
Title Urdu Kay Shakar Afsanay
Statement of responsibility, etc. Khalid Shareef
260 ## - PUBLICATION, DISTRIBUTION, ETC.
Place of publication, distribution, etc. Lahore:
Name of publisher, distributor, etc. Mavra Publishers,
Date of publication, distribution, etc. 2015
300 ## - PHYSICAL DESCRIPTION
Extent 192p.
Dimensions 25cm.
563 ## - BINDING INFORMATION
Binding note HB
650 ## - SUBJECT ADDED ENTRY--TOPICAL TERM
Topical term or geographic name entry element Urdu literature — Short stories
880 ## - ALTERNATE GRAPHIC REPRESENTATION
Linkage 100-01\(3\r
Title خالد شریف
880 ## - ALTERNATE GRAPHIC REPRESENTATION
Linkage 245-02\(3\r
Title اردو کے شاہکار افسانے
b خالد شریف
880 ## - ALTERNATE GRAPHIC REPRESENTATION
Linkage 260-03\(3\r
Title لاہور
b ماورا پبلشر
c 2015
942 ## - ADDED ENTRY ELEMENTS (KOHA)
Source of classification or shelving scheme
Koha item type Book
650 ## - SUBJECT ADDED ENTRY--TOPICAL TERM
-- 129497
Holdings
Withdrawn status Lost status Source of classification or shelving scheme Damaged status Not for loan Permanent Location Current Location Date acquired Total Checkouts Total Renewals Full call number Barcode Date last seen Price effective from Koha item type
          Central Library (CL) Central Library (CL) 07/09/2025   2 891.439309 SHA CL-D-2962 02/12/2026 07/09/2025 Book
© 2023 Central Library, National University of Sciences and Technology. All Rights Reserved.